| 000 | 00813cam a22002651 4500 | ||
|---|---|---|---|
| 001 | 31935 | ||
| 003 | BD-RjUL | ||
| 005 | 20211209051752.0 | ||
| 008 | 140423r19521941enk 000 0 eng d | ||
| 035 | _a(BD-RjUL)32024 | ||
| 035 | _a(OCoLC)3556125 | ||
| 040 |
_aDLC _cMiEM _dOCoLC _dMCED _dOCoLC _dDLC _dBD-RjUL _beng |
||
| 041 | _aeng | ||
| 082 | 0 | 0 |
_a201 _bSAM 1952. |
| 100 | 1 |
_aSayers, Dorothy L. _q(Dorothy Leigh), _d1893-1957. _965368 |
|
| 245 | 1 | 4 |
_aThe mind of the Maker / _cby Dorothy L. Sayers. |
| 260 |
_aLondon : _bMethuen & Co. ltd, _c1941 [Reprinted 1952.] |
||
| 300 |
_axi, 186 p., 1 l. ; _c19 cm. |
||
| 500 | _a"First published in 1941." | ||
| 650 | 0 |
_aChristianity _xPhilosophy. _9266 |
|
| 942 |
_2ddc _cBK _01 |
||
| 999 |
_c31935 _d31935 |
||